<?xml version="1.0" encoding="UTF-8"?>
<collection xmlns="http://www.loc.gov/MARC21/slim">
<record>
  <controlfield tag="001">69483</controlfield>
  <controlfield tag="005">20210520140759.0</controlfield>
  <datafield tag="037" ind1=" " ind2=" ">
    <subfield code="a">TESIS-2018-029</subfield>
  </datafield>
  <datafield tag="041" ind1=" " ind2=" ">
    <subfield code="a">spa</subfield>
  </datafield>
  <datafield tag="080" ind1=" " ind2=" ">
    <subfield code="a">069, 373.3</subfield>
  </datafield>
  <datafield tag="100" ind1="1" ind2=" ">
    <subfield code="a">Hernández De La Cruz, José Manuel</subfield>
  </datafield>
  <datafield tag="245" ind1="0" ind2="0">
    <subfield code="a">Análisis de las acciones educativas en los museos de la ciudad de Matanzas (Cuba). Un estudio conjunto de casos</subfield>
  </datafield>
  <datafield tag="260" ind1=" " ind2=" ">
    <subfield code="a">Zaragoza</subfield>
    <subfield code="b">Universidad de Zaragoza, Prensas de la Universidad</subfield>
    <subfield code="c">2018</subfield>
  </datafield>
  <datafield tag="300" ind1=" " ind2=" ">
    <subfield code="a">607</subfield>
  </datafield>
  <datafield tag="490" ind1="0" ind2=" ">
    <subfield code="a">Tesis de la Universidad de Zaragoza</subfield>
    <subfield code="x">2254-7606</subfield>
    <subfield code="v">2018-29</subfield>
  </datafield>
  <datafield tag="500" ind1=" " ind2=" ">
    <subfield code="a">Presentado:  02 02 2018</subfield>
  </datafield>
  <datafield tag="502" ind1=" " ind2=" ">
    <subfield code="a">Tesis-Univ. Zaragoza, Didáctica de las Lenguas y de las Ciencias Humanas y Sociales, 2018</subfield>
    <subfield code="b">Zaragoza, Universidad de Zaragoza</subfield>
    <subfield code="c">2018</subfield>
  </datafield>
  <datafield tag="520" ind1=" " ind2=" ">
    <subfield code="a">Por la vigencia e importancia que tiene el patrimonio como elemento trasmisor de conocimientos e identidad cultural, resulta necesario centrar la atención en su enseñanza, como vía para formar individuos críticos y comprometidos con su entorno. Las acciones educativas que desarrollan las instituciones museísticas, buscan acortar las distancias existentes entre los visitantes y el recurso patrimonial y tienen como meta acercar la comunidad a la realidad patrimonial como una vía para comprender la historia y la evolución del ser humano.  &lt;br />La investigación se desarrollará en el contexto cubano y específicamente estudiará las acciones educativas de las cinco instituciones museísticas que integran la red de museos en la ciudad de Matanzas,  para contribuir a elevar la eficacia del proceso de enseñanza aprendizaje del patrimonio. Para el estudio se ha optado por utilizar el enfoque  cualitativo en la investigación y, dadas las características del objeto a investigar, se ha seleccionado el método de investigación estudio de casos múltiples &lt;br />Las técnicas para la recogida de información o métodos empíricos empleados son: la entrevista en profundidad, la observación, el análisis de documentos y el grupo de discusión focal. Para conocer el estado de las acciones educativas de las instituciones museísticas de la ciudad de Matanzas, se parte de la matriz de análisis de acción educativa, desarrollada en el marco del Proyecto I + D + i ECPEME, por ajustarse a los objetivos que persigue la investigación, ser válida en cuanto a indicadores, dimensiones y descriptores  Suárez., Gutierres., Calaf y  San Fabián, (2013) y adaptada a la realidad del contexto museístico cubano. &lt;br /></subfield>
  </datafield>
  <datafield tag="506" ind1=" " ind2=" ">
    <subfield code="a">all-rights-reserved</subfield>
  </datafield>
  <datafield tag="520" ind1=" " ind2=" ">
    <subfield code="a">&lt;br /></subfield>
  </datafield>
  <datafield tag="521" ind1=" " ind2=" ">
    <subfield code="9">7092</subfield>
    <subfield code="a">Programa de Doctorado en Educación</subfield>
  </datafield>
  <datafield tag="653" ind1="1" ind2=" ">
    <subfield code="a">museología</subfield>
  </datafield>
  <datafield tag="653" ind1="1" ind2=" ">
    <subfield code="a">educación básica</subfield>
  </datafield>
  <datafield tag="700" ind1=" " ind2=" ">
    <subfield code="a">María Pilar Rivero Gracia</subfield>
    <subfield code="e">dir.</subfield>
  </datafield>
  <datafield tag="710" ind1="2" ind2=" ">
    <subfield code="a">Universidad de Zaragoza</subfield>
    <subfield code="b">Didáctica de las Lenguas y de las Ciencias Humanas y Sociales</subfield>
  </datafield>
  <datafield tag="830" ind1=" " ind2=" ">
    <subfield code="9">504</subfield>
  </datafield>
  <datafield tag="856" ind1="0" ind2=" ">
    <subfield code="f">tdr@unizar.es</subfield>
  </datafield>
  <datafield tag="856" ind1="4" ind2=" ">
    <subfield code="u">http://zaguan.unizar.es/record/69483/files/TESIS-2018-029.pdf</subfield>
    <subfield code="z">Texto completo (spa)</subfield>
    <subfield code="s">264602</subfield>
  </datafield>
  <datafield tag="909" ind1="C" ind2="O">
    <subfield code="o">oai:zaguan.unizar.es:69483</subfield>
    <subfield code="p">driver</subfield>
    <subfield code="p">tesis</subfield>
  </datafield>
  <datafield tag="910" ind1="2" ind2=" ">
    <subfield code="a">Didáctica de la lengua y la literatura</subfield>
    <subfield code="b">Didáctica de las Lenguas y de las Ciencias Humanas y Sociales</subfield>
  </datafield>
  <datafield tag="980" ind1=" " ind2=" ">
    <subfield code="a">TESIS</subfield>
  </datafield>
</record>
</collection>